[Event "Biel GM"]
[Site "Biel"]
[Date "2001.07.27"]
[Round "5"]
[White "Pelletier, Yannick"]
[Black "Svidler, Peter"]
[Result "1-0"]
[WhiteElo "2531"]
[BlackElo "2695"]
[Annotator "Pelletier,Y"]
[PlyCount "54"]
[EventDate "2001.07.23"]
[EventType "tourn"]
[EventRounds "10"]
[EventCountry "SUI"]
[EventCategory "16"]
[SourceTitle "CBM 085"]
[Source "ChessBase"]
[SourceDate "2001.11.13"]
[SourceVersion "1"]
[SourceVersionDate "2001.11.13"]
[SourceQuality "1"]

1. Nf3 Nf6 2. c4 g6 3. Nc3 d5 4. cxd5 Nxd5 5. Qb3 Nb6 6. d4 Bg7 7. Bg5 h6 8.
Bh4 Be6 9. Qc2 O-O ({Laut Büchern besteht die beste Folge in} 9... Nc6 10. Rd1
Nb4 11. Qb1 O-O 12. e3 Bf5 13. e4 Bg4) 10. Rd1 c6 {Dieser passive Aufbau
entspricht nicht Svidlers Stil, aber die schwarze Stellung bleibt solide.} 11.
e4 a5 12. Be2 Na6 13. O-O ({Man konnte auch das Feld b4 mittels} 13. a3 {
kontrollieren.}) 13... Nb4 14. Qb1 Bc4 ({Dem Anziehenden gehört das Zentrum,
weshalb er auch Raumvorteil geniesst. Der Textzug sieht logisch aus, da
Schwarz eine Figur tauschen kann, aber die Alternative} 14... f5 {[%csl Rh4]
[%cal Gg6g5] kam auch in Frage. Um Vorteil zu behaupten, müsste Weiss eine
Qualität opfern:} 15. a3 Bb3 $1 (15... Na6 16. exf5 Bxf5 17. Qa2+ Kh7 18. Rfe1
$14) (15... g5 16. axb4 axb4 17. d5 $1 Bd7 18. dxc6 bxc6 19. Na2 $36) 16. exf5
$1 (16. axb4 axb4) 16... g5 (16... Bxd1 17. Nxd1 $36) 17. axb4 $5 (17. Rd2 gxh4
18. axb4 axb4 19. Ne4 $14) 17... axb4 18. Ne4 Bxd1 19. Bxd1 gxh4 20. Bb3+ Nd5
21. Nc5 {[%csl Rb7,Gg6,Rh4][%cal Gc5e6] mit sichtlicher Kompensation.}) 15.
Bxc4 ({Auch gut war} 15. Rfe1 Bxe2 16. Rxe2 $14) 15... Nxc4 16. a3 Na6 17. Qa2
({Im Fall von} 17. d5 Qc7 18. Qa2 Ne5 {wäre Schwarz in Ordnung.}) 17... b5 $2 (
{Schwarz hätte das passive} 17... Nd6 18. Rfe1 $14 {bevorzugen sollen, denn
nun gelingt es Weiss, das Zentrum unter günstigen Umständen zu öffnen.}) 18. d5
Bxc3 ({Peter vertraut auf seinen Nc4, um die gegnerische Initiative in Grenzen
zu halten. Aber wie in den nächsten Zügen klar wird, ist die Stabilität dieses
Springers nicht garantiert. Ich verbrauchte vor 18.d5 viel Zeit bei der
Betrachtung von} 18... Nxb2 19. Qxb2 b4 {Ich hatte vor, mit} 20. d6 {
fortzusetzen, denn die Alternativen} (20. dxc6 bxc3 21. Qb7 Qc8 22. Bxe7 Re8
23. e5 Qxb7 $1 24. cxb7 Ra7 {[%csl Rb7]}) ({und} 20. axb4 axb4 21. dxc6 bxc3
22. Qb7 Qc8 23. Bxe7 Re8 24. e5 Qxb7 25. cxb7 Ra7 {führen bloss zu schwarzem
Vorteil}) {Während der Partie hatte ich vieles übersehen, hier sind aber die
Schlussfolgerungen nach meiner Hausanalyse. Da 20...Bxc3 21.Qc1 nicht gut ist,
muss Schwarz} 20... g5 {[%cal Rh4d8] ziehen. Aber nach} 21. Bg3 bxc3 ({
logischer als} 21... Bxc3 22. Qe2 {[%csl Rg8] , was die zusätzliche
Möglichkeit h2-h4 zulässt}) 22. Qc1 {hat Weiss starken Druck, z.B:} Qb6 (22...
f5 23. exf5 $1 Rxf5 24. Nd4 Bxd4 25. Rxd4 $16) 23. Be5 $1 {[%csl Rc3]} ({nach} 
23. dxe7 Rfe8 24. Bd6 Nc7 {hat Weiss den Bauern c3 noch nicht erobert}) 23...
Bxe5 24. Nxe5 Qb2 (24... exd6 25. Nd7) 25. dxe7 Rfe8 26. Ng4 $1 {[%csl Rf5]
[%cal Gg4h6] und Weiss verbleibt mindestens mit einem Mehrbauern.}) 19. bxc3
Qd7 $6 (19... Qe8 {war präziser, da nun die Dame auf der d-Linie unter
Beschuss geraten kann. Trotzdem hat Schwarz nach} 20. Nd2 Nd6 (20... Nxd2 21.
Qxd2) 21. dxc6 e6 22. Nf3 {Mühe, den Bauern c6 zurückzunehmen.}) 20. a4 $1 {
[%csl Rc4][%cal Gd5c6,Ga4b5,Yf3d4] Dies ist der Zug, den Peter unterschätzt
hatte. Der schwarze Damenflügel bricht zusammen.} Nc5 $6 ({20...Nc7 oder 20...
Rfe8 waren vorzuziehen, obwohl Weiss in beiden Fällen ein klares Übergewicht
behält:} 20... Nc7 21. dxc6 Qxc6 22. Bxe7 Rfe8 23. Nd4 Qxe4 24. Rfe1 Qb7 25.
Bh4 $1 {[%csl Rb5,Rc4]}) ({oder} 20... Rfe8 21. Nd4 cxd5 22. Nxb5) 21. dxc6
Qxc6 22. Bxe7 ({Ich zögerte lange zwischen dem Textzug und} 22. axb5 {Dabei
rechnete ich die folgende Variante:} Qxb5 23. Rd4 Nb2 {(?)} 24. Bxe7 Rfb8 25.
Bd6 $1 Qb3 (25... Rb7 26. Rb4 $1 $18) {, verpasste aber den Gewinnzug} 26. Ra1
$1 {Glücklicherweise, denn mittels 23...Nb3! 24.Rd5 Qb7 könnte Schwarz die
Karten neu mischen!}) 22... Rfe8 $6 ({Sie haben es bemerkt, Peter hat keinen
guten Tag erwischt! Zäher war hier} 22... Nxa4 23. Bxf8 Nxc3 (23... Rxf8 24.
Nd4 Qc5 25. Qb3) 24. Qa1 Ne2+ (24... Nxd1 {ist unmöglich wegen} 25. Qg7#) 25.
Kh1 Rxf8 26. Rfe1 Nf4 {, auch wenn die schwarze Stellung nach} 27. Nd4 {
nicht sehr gut aussieht.}) 23. Nd4 Qc8 24. axb5 $1 {[%csl Gc6] Danach besitzt
Weiss nicht nur Materialvorteil. Er dominiert dank des Feldes c6 auch
positionnell.} Nxe4 (24... Rxe7 25. Qxc4 Rxe4 26. Rfe1 {ist nicht besser.}) 25.
Nc6 Ne5 (25... Qe6 {scheitert an} 26. Rfe1) 26. Nxe5 Rxe7 27. Nc6 Re6 $2 ({
... und Peter gab auf, bevor ich meinen Turm auf d8 stellen konnte. Nach} 27...
Re8 {würde Weiss mittels} 28. Rd8 {[%cal Gc6e7]} ({oder} 28. Qc4 {gefolgt von
Rfe1}) 28... Qb7 (28... Qc7 29. Rxa8 Rxa8 30. Qd5 $18) 29. Rxe8+ Rxe8 30. Qxa5
{leicht gewinnen.}) 1-0

[Event "CHN-RUS Summit Men 1st"]
[Site "Shanghai"]
[Date "2001.09.07"]
[Round "1"]
[White "Svidler, Peter"]
[Black "Zhang, Zhong"]
[Result "1-0"]
[WhiteElo "2695"]
[BlackElo "2667"]
[Annotator "Wedberg,T"]
[PlyCount "75"]
[EventDate "2001.09.07"]
[EventType "schev"]
[EventRounds "6"]
[EventCountry "CHN"]
[SourceTitle "CBM 085"]
[Source "ChessBase"]
[SourceDate "2001.11.13"]
[SourceVersion "1"]
[SourceVersionDate "2001.11.13"]
[SourceQuality "1"]

1. e4 e5 2. Nf3 Nc6 3. Bb5 a6 4. Ba4 Nf6 5. O-O Be7 6. Re1 b5 7. Bb3 d6 8. c3
O-O 9. h3 Bb7 10. d4 Re8 11. Nbd2 Bf8 12. a4 Qd7 {This line all but forgotten
today. It used to be a weapon in the arsenal of Karpov and he used it a couple
of times against Kasparov in their matches.} 13. axb5 axb5 14. Rxa8 Bxa8 (14...
Rxa8 $6 15. Ng5 $16) 15. d5 Nb8 {Black has tried every possible N-move at this
point. Black needs to challenge White's P-wedge in the centre or he will have
to suffer from lack of space. So ideally Black plays c6 and frees his game.
The question where to put the N to achieve this aim is still not settled.} (
15... Ne7 16. c4 (16. Nf1) 16... Rd8 17. cxb5 (17. c5 c6 $132) 17... Qxb5 18.
Nb1 (18. Ba4 $5) 18... h6 19. Nc3 Qb8 20. Nh2 c6 $132 {1/2-1/2 Kruppa,
Y-Podgaets,M/Kiev 1986/EXT 97 (27)}) (15... Nd8 16. Nf1 (16. c4 c6 17. dxc6
Bxc6 18. cxb5 Bxb5 19. Nc4 $14 {0-1 Passoni,C-Almada,E/Mendrisio 1988/EXT 97 
(61)}) 16... h6 17. N3h2 Nb7 18. Bc2 Nc5 19. b4 Na6 20. Ng4 $36 {1/2-1/2
Kasparov,G-Karpov,A/Moscow 1985/MainBase/[ChessBase] (41)}) (15... Na5 16. Ba2
c6 17. b4 Nb7 $1 18. c4 Rc8 19. dxc6 (19. c5 $13) 19... Qxc6 $10 {0-1 Kasparov,
G-Karpov,A/Moscow 1985/MainBase/[ChessBase] (41)}) 16. Nf1 Na6 (16... c6 17.
Bg5 Be7 18. dxc6 Bxc6 19. Ng3 h6 20. Bxf6 Bxf6 21. Nf5 $36) 17. Bg5 Be7 18. Ng3
g6 19. Qd2 Bb7 20. Ba2 $146 {[%mdl 8] Improving on Kasparov.} (20. Ra1 Ra8 21.
Bc2 c6 22. dxc6 Bxc6 23. Rd1 Rd8 24. Qe3 Qb7 25. Bh6 Nc7 26. Nf5 $36 {1-0
Kasparov,G-Smejkal,J/Dubai 1986/TD (41)}) 20... Nc5 21. b4 Na4 22. c4 $1 {
An interesting decision. The b4-P will be a weakness, but can Black touch it?
More important is the fact that Black loses ground on the Q-side when the b5-P
is exchanged. White opens the c-file for attack against the backward c7-P and
there is also an interesting outpost on c6 to play for.} bxc4 23. Bxc4 Nb6 24.
Bb3 Ra8 (24... c6 25. Qe3 $1 Qc7 26. Rc1 $16) 25. Rc1 Ne8 (25... c6 26. Qe3 Nc8
27. dxc6 Bxc6 28. Bh6 Qb7 29. Ng5 $36) 26. Bh6 $14 {White has more space and
more possibilities. Black's position is fairly solid, but without prospects.
The freeing move c6 is risky since it opens up the b3-f7 diagonal.} Qb5 27. Nh2
Ba6 (27... Ra3 $5 {was more testing.}) 28. Bc2 Bc8 29. Bb3 Ba6 30. Rd1 Rb8 31.
Ra1 Qd3 (31... Nc4 32. Qc3 $1 Qxb4 $4 33. Qxb4 Rxb4 34. Rxa6 Rxb3 35. Ra8 $18)
(31... Ra8 $5) 32. Qb2 Bc8 (32... Nc4 33. Qa2 Rxb4 (33... Nb6 $142) 34. Bc2 Qc3
35. Qxa6 Qxc2 36. Qc8 Rb1+ 37. Nhf1 $18) 33. Bc2 $1 Nc4 $2 {Now the Black game
caves.} (33... Qb5 34. Ra5 Qd7 35. Qc3 $16) 34. Qa2 Qc3 (34... Qd4 35. Rd1 Qc3
36. Ba4 $18) 35. Ba4 $18 Nf6 36. Rc1 Qa3 37. Qxc4 Qxa4 38. Qxc7 1-0

[Event "EU-Cup 17th"]
[Site "Panormo"]
[Date "2001.09.23"]
[Round "1.1"]
[White "Berndt, Stephan"]
[Black "Svidler, Peter"]
[Result "1/2-1/2"]
[WhiteElo "2479"]
[BlackElo "2695"]
[PlyCount "42"]
[EventDate "2001.09.22"]
[EventType "team-swiss"]
[EventRounds "7"]
[EventCountry "GRE"]
[SourceTitle "CBM 084 Extra"]
[Source "ChessBase"]
[SourceDate "2001.10.26"]
[SourceVersion "1"]
[SourceVersionDate "2001.10.26"]
[SourceQuality "1"]
[WhiteTeam "Berlin SF"]
[BlackTeam "St Petersburg"]
[WhiteTeamCountry "GER"]
[BlackTeamCountry "RUS"]

1. e4 e5 2. Nf3 Nc6 3. Bb5 a6 4. Ba4 Nf6 5. O-O Be7 6. Re1 b5 7. Bb3 O-O 8. d3
d6 9. c3 Na5 10. Bc2 c5 11. Nbd2 Nc6 12. Nf1 h6 13. h3 Re8 14. Ng3 Bf8 15. d4
cxd4 16. cxd4 exd4 17. Nxd4 Nxd4 18. Qxd4 Be6 19. Bf4 Rc8 20. Bb3 d5 21. Rad1
Bc5 1/2-1/2

[Event "BL2-Sued 0102"]
[Site "Germany"]
[Date "2001.10.07"]
[Round "1.1"]
[White "Svidler, Peter"]
[Black "Renner, Christoph"]
[Result "1-0"]
[WhiteElo "2695"]
[BlackElo "2431"]
[PlyCount "35"]
[EventDate "2001.10.07"]
[EventType "team-tourn"]
[EventRounds "9"]
[EventCountry "GER"]
[SourceTitle "CBM 088 Extra"]
[Source "ChessBase"]
[SourceDate "2002.07.01"]
[SourceVersion "2"]
[SourceVersionDate "2002.07.01"]
[SourceQuality "1"]
[WhiteTeam "Baden Oos"]
[BlackTeam "Bayern Muenchen"]
[WhiteTeamCountry "GER"]
[BlackTeamCountry "GER"]

1. e4 e6 2. d4 d5 3. Nc3 Nf6 4. e5 Nfd7 5. f4 c5 6. Nf3 Nc6 7. Be3 a6 8. Qd2 b5
9. dxc5 Bxc5 10. Bxc5 Nxc5 11. Qf2 Qe7 12. Bd3 b4 13. Ne2 a5 14. O-O Ba6 15.
Qe3 O-O 16. Bxh7+ Kxh7 17. Ng5+ Kg6 18. f5+ 1-0

[Event "BL2-Sued 0102"]
[Site "Germany"]
[Date "2002.02.03"]
[Round "5.1"]
[White "Gschnitzer, Oswald"]
[Black "Svidler, Peter"]
[Result "1/2-1/2"]
[WhiteElo "2412"]
[BlackElo "2695"]
[PlyCount "56"]
[EventDate "2001.10.07"]
[EventType "team-tourn"]
[EventRounds "9"]
[EventCountry "GER"]
[SourceTitle "CBM 088 Extra"]
[Source "ChessBase"]
[SourceDate "2002.07.01"]
[SourceVersion "2"]
[SourceVersionDate "2002.07.01"]
[SourceQuality "1"]
[WhiteTeam "Kirchheim"]
[BlackTeam "Baden Oos"]
[WhiteTeamCountry "GER"]
[BlackTeamCountry "GER"]

1. Nf3 g6 2. c4 Bg7 3. Nc3 c5 4. g3 Nc6 5. Bg2 d6 6. O-O Nh6 7. a3 Nf5 8. Rb1
a5 9. d3 O-O 10. Bd2 e6 11. Na4 Bd7 12. e3 Rb8 13. Nc3 Be8 14. Ne1 Nfe7 15. e4
f5 16. Nc2 fxe4 17. Nxe4 Nf5 18. b4 axb4 19. axb4 cxb4 20. Nxb4 Nxb4 21. Bxb4
Bc6 22. h4 h5 23. Ng5 Bxg2 24. Kxg2 Qd7 25. Qe1 Rfe8 26. Bc3 Bxc3 27. Qxc3 e5
28. Ne4 Rf8 {(=)} 1/2-1/2

[Event "WchT 5th"]
[Site "Yerevan"]
[Date "2001.10.15"]
[Round "4.1"]
[White "Akopian, Vladimir Eduardovic"]
[Black "Svidler, Peter"]
[Result "1-0"]
[WhiteElo "2660"]
[BlackElo "2686"]
[Annotator "Ribli,Z"]
[PlyCount "57"]
[EventDate "2001.10.12"]
[EventType "team-tourn"]
[EventRounds "9"]
[EventCountry "ARM"]
[SourceTitle "CBM 086"]
[Source "ChessBase"]
[SourceDate "2002.02.05"]
[SourceVersion "1"]
[SourceVersionDate "2002.02.05"]
[SourceQuality "1"]
[WhiteTeam "Armenia"]
[BlackTeam "Russia"]
[WhiteTeamCountry "ARM"]
[BlackTeamCountry "RUS"]

1. Nf3 {Ftacnik} Nf6 2. c4 e6 3. g3 a6 {Dieser auf den ersten Blick etwas
sonderbare Zug wurde von Romanishin in die Turnierpraxis eingeführt. Schwarz
möchte anschließend b7 - b5 spielen.} 4. Bg2 b5 5. b3 c5 6. O-O (6. Nc3 Qb6 7.
O-O Bb7 8. Re1 d6 9. e4 Be7 10. d4 cxd4 11. Nxd4 bxc4 12. bxc4 Nc6 13. Rb1 Qxd4
14. Qxd4 Nxd4 15. Rxb7 Rc8 16. Rd1 Rxc4 17. Bb2 e5 18. Bf1 Rc6 19. Nd5 $44 {
1-0 Filippov,V-Atalik,S/Bled SLO 2001/(52)}) 6... Bb7 7. Nc3 Qa5 8. e3 {
Mit diesem Zug bereitet Weiß 9.Qe2 vor, um Schwarz zur Entscheidung zwischen
b5 - b4 oder Tausch auf c4 zu zwingen.} (8. Bb2 Be7 9. e4 b4 (9... d6 10. e5
dxe5 11. Nxe5 Bxg2 12. Kxg2 Qc7 13. Qf3 Ra7 14. Rfe1 Qb7 15. cxb5 axb5 16. a4
bxa4 17. bxa4 Qxf3+ 18. Kxf3 {1/2-1/2 Sulava,N-Bogdanovski,V/Ohrid MKD 2001/
(48)}) 10. e5 bxc3 11. Bxc3 Qd8 12. exf6 Bxf6 13. Qc2 Bxf3 14. Bxf3 Nc6 15.
Bxc6 dxc6 16. Qe4 Rc8 17. Rad1 Bd4 18. Rfe1 a5 19. Bxd4 Qxd4 20. Qc2 O-O 21.
Re4 {1-0 Delchev,A-Lalic,B/Zadar CRO 2000/(55)}) (8. Re1 Be7 9. e4 d6 10. e5
dxe5 11. Nxe5 Bxg2 12. Kxg2 O-O 13. cxb5 axb5 14. a4 Nfd7 15. Nxd7 Nxd7 16.
Nxb5 Bf6 17. Ra2 Ne5 {1/2-1/2 Dizdarevic,E-Romanishin,O/Zadar 1995/EXT 2000/
(26)}) 8... Be7 9. Qe2 bxc4 (9... O-O 10. Bb2 bxc4 11. bxc4 d6 12. Rab1 Nbd7
13. d3 Rab8 14. e4 Ba8 15. Qc2 Ne8 16. Nd2 Bf6 17. Nb3 Qd8 18. f4 Nc7 19. g4 {
1-0 Hoffman,A-Rosito,J/Buenos Aires ARG 2001/(40)}) 10. bxc4 O-O (10... Nc6 11.
Rb1 Rb8 12. Ne5 Nxe5 13. Bxb7 O-O 14. f4 Ng6 15. Rb3 Rfd8 16. e4 Ne8 17. Ra3
Qb6 18. Bxa6 Nc7 19. Bb5 Bf6 20. e5 Be7 21. Rb3 {1-0 Zarnicki,P-Rosito,J/
Buenos Aires 1998/CBM 67 ext (31)}) 11. Rb1 {[%cal Gb1b7]} Bc6 12. e4 $5 $14 {
Dieser Zug schwächt das Feld d4, aber das spielt keine Rolle, weil der Läufer
und nicht der Springer auf c6 steht.} d6 13. Rb3 {'!' Ftacnik. Ftacnik:
'Akopian is preparing the d2-d4 push and smartly defends his c3 knight. '} Ra7
{Der Turmzug soll das Feld a8 für den Bc6 räumen.} (13... e5 14. Nh4 $14 {
[%cal Gh4f5,Gf2f4]}) (13... Nbd7 14. d4 cxd4 $2 (14... Rab8 $14) (14... Rfb8 {
Ftacnik} 15. Ra3 (15. d5 {Ftacnik} Rxb3 16. axb3 Qxc3 17. dxc6 Nb6 $13) (15.
Bd2 {Ftacnik} Rxb3 16. axb3 Qb6 17. d5 $14) 15... Qc7 16. d5 $14) 15. Nxd4 Rac8
16. Nxc6 Rxc6 17. e5 $18 {[%cal Re5f6,Rg2c6]}) 14. d4 cxd4 (14... Rb7 {Ftacnik}
15. Ra3 Qc7 16. d5 $14) 15. Nxd4 Ba8 16. Be3 {[%cal Ge3a7]} Rb7 $4 {[%mdl 64]
Ein schwerer Fehler von Svidler.} (16... Rd7 $5 17. Rfb1 Nc6 18. Nxc6 Bxc6 19.
Bb6 Qh5 $11) (16... Rc7 {Ftacnik} 17. Nxe6 fxe6 18. Bb6 $18) 17. e5 $1 $16 {
[%cal Rg2a8] Dieser einfache Zug gewinnt Material.} Rxb3 (17... dxe5 18. Bxb7
exd4 19. Bxd4 $18) 18. exf6 {'!' Ftacnik. Ftacnik: 'This position is in
tactical sense exceptionally rich, Svidler will pay the prize for a relative
disparity of his forces in the moment of sharp direct clash. '} (18. Nxb3 $2
Qxe5 19. Bxa8 Qxc3 $15 20. Bd4 Qb4 $17) 18... Bxg2 (18... Rxc3 19. fxe7 Re8 20.
Bxa8 Ra3 21. Nxe6 $1 fxe6 22. Bc1 $18) (18... Bxf6 19. Nxb3 Qxc3 20. Bxa8 $18)
19. Nxb3 $1 (19. fxe7 {Ftacnik} Bxf1 20. exf8=Q+ Kxf8 21. Nxb3 Bxe2 22. Nxa5
$18) 19... Bxf1 (19... Qxc3 20. fxe7 Bxf1 21. exf8=Q+ $18) 20. Qg4 $1 {[%cal
Rb3a5,Rg4g7] Ftacnik: 'This move decides the game, white wins opponent's lady.
' Das ist die Pointe des weißen Spiels.} (20. Nxa5 Bxe2 21. fxe7 Re8 22. Nxe2
Rxe7 $14 23. Bf4 $14) 20... Bxf6 21. Nxa5 Bxc3 22. Kxf1 Bxa5 {[%mdl 1024]
Schwarz hat R + N + P für die Dame. Weiß steht aber viel besser, seine Dame
ist aktiv, und Schwarz hat große Probleme bei der Koordination seiner Figuren.}
23. Qd4 Rd8 (23... Bb4 24. Qb6 a5 25. Qb7 {Droht 26.Ba7.} Bc5 26. Bxc5 dxc5 27.
a4 $18) 24. Qa7 {[%csl Ga7]} h6 25. Bb6 Bxb6 26. Qxb6 $18 {Nach dem
Läufertausch verliert Schwarz Material - seine Figuren stehen auf der
Grundreihe.} Rc8 27. Qxd6 Kh7 28. c5 {Der c - Bauer entscheidet die Partie.}
Kg6 29. c6 $1 (29. c6 Nxc6 30. Qd7 $18) 1-0